Life of St Paul handbook for Bible classes (Record no. 2253)

000 -LEADER
fixed length control field 00556nam a2200181 a 4500
001 - CONTROL NUMBER
control field :::00021132$&:&@@
003 - CONTROL NUMBER IDENTIFIER
control field OkBaRHE
005 - DATE AND TIME OF LATEST TRANSACTION
control field 20100331113056.0
008 - FIXED-LENGTH DATA ELEMENTS--GENERAL INFORMATION
fixed length control field s1950 j 000 0 eng u
040 ## - CATALOGING SOURCE
Transcribing agency
100 1# - MAIN ENTRY--PERSONAL NAME
Personal name Stalker, James Rev M.A.
245 10 - TITLE STATEMENT
Title Life of St Paul handbook for Bible classes
260 ## - PUBLICATION, DISTRIBUTION, ETC. (IMPRINT)
Place of publication, distribution, etc New York, NY
Name of publisher, distributor, etc Fleming H. Revell
Date of publication, distribution, etc 1950
300 ## - PHYSICAL DESCRIPTION
Extent 160p
650 ## - SUBJECT ADDED ENTRY--TOPICAL TERM
Topical term or geographic name as entry element Paul,the Apostle,Saint
942 ## - ADDED ENTRY ELEMENTS (KOHA)
Source of classification or shelving scheme
Koha item type Books
Copies
Copy number Koha item type Collection code Source of classification or shelving scheme Full call number Damaged status Price effective from Date last seen Withdrawn status Shelving location Date acquired Not for loan Lost status Barcode Permanent Location
1BooksReference BS 2505 .S7 1950 2010-04-142018-03-16 General Stacks2010-04-14  21132RHEMA Bible Training College